| 000 | 00935nam a22003137a 4500 | ||
|---|---|---|---|
| 001 | 000019960 | ||
| 003 | CHAP | ||
| 005 | 20220329134331.0 | ||
| 008 | 971013s1960 r 00010 d | ||
| 010 | _a18920 | ||
| 011 | _a19892 | ||
| 035 | _a23977 | ||
| 040 | _cCHAP | ||
| 090 | _aFolleto 611 | ||
| 110 |
_aCentro de Pesquisas Florestais e Conservacao da Natureza. Rio de Janeiro _921168 |
||
| 245 | 0 | 0 | _aFlores da restinga. |
| 260 |
_aRio de Janeiro : _bEl Centro, _c1960. |
||
| 300 |
_a54 p. : _b: ilus. |
||
| 590 |
_aBATCH-UPD _b10 _c20130110 _lUCH01 _h2127 |
||
| 590 |
_aBATCH-UPD _b10 _c20130410 _lUCH01 _h1437 |
||
| 590 |
_aBATCH-UPD _b10 _c20130914 _lUCH01 _h0729 |
||
| 590 |
_aCONVERSION _b10 _c20130109 _lUCH01 _h1311 |
||
| 590 |
_aE11695DGD _b10 _c20141114 _lUCH01 _h0932 |
||
| 650 | 1 | 4 |
_aBotánica _xBrasil. _914505 |
| 901 | _aBK | ||
| 942 | _cFOLL | ||
| 942 | _n0 | ||
| 949 |
_aFolleto 611 _bBC _cFOLL _d-55498 _eTS1 _i23977 _si |
||
| 999 |
_c18920 _d18920 |
||